| 000 | 02843nam a2200229Ia 4500 | ||
|---|---|---|---|
| 003 | Ost | ||
| 005 | 20260507075253.0 | ||
| 008 | 260507s9999||||xx |||||||||||||| ||und|| | ||
| 040 | _cfsecg | ||
| 041 | _aara | ||
| 082 | _a330 | ||
| 100 |
_aأبو سعد، وسيم نقولا _eمؤلف |
||
| 245 | 0 |
_aرقابة ديوان المحاسبة الادارية المسبقة : _bدراسة مقارنة / _c وسيم نقولا أبو سعد |
|
| 260 |
_aبيروت: _bمنشورات الحلبي الحقوقية, _c2010 |
||
| 300 |
_a296 صفحة؛ _c25 سم |
||
| 520 | _a1 ) نشأة ديوان المحاسبة و تطور مهامه 2) نطاق رقابة ديوان المحاسبة الادارية المسبقة : التكييف القانوني للرقابة المسبقة و النتائج المترتبة على مخالفة احكامها ، الجهات الخاضعة لرقابة الديوان المسبقة و المعاملات الخاضعة للرقابة المسبقة أي المعاملات المتعلقة بالواردات ، المتعلقة بالنفقات ، النتعلقة بالمصالحات و المعاملات المستثناة من الرقابة 3) اصول ممارسة الرقابة الادارية المسبقة : الاجراءات الممهدة القرار ، طرق المراجعة بالقرارات الصادرة في نطاق الرقابة المسبقة 4) المعوقات و الصعوبات التي تواجه العمل الرقابي ( الرقابة المسبقة والمؤخرة ) الذي يمارسه الديوان : المعوقات النتعلقة بالسلطات الخاضعة للرقابة ، المعوقات المتعلقة بديوان المحاسبة 5) اقتراح الغاء الرقابة الادارية المسبقة : مضمون مشروع القانون و الملاحضات عليه ، تعزيز رقابة الديوان المسبقة 6) الرقابة على الاداء : تعريف الرقابة على الاداء عناصرها و اهدافها ، الرقابة على الأداء في التشريع اللبناني 7) النتائج المالية للرقابة المسيقة و القرارات الصادرة بمعرضها : الرقابة على اعتدال الاسعار ، أنواع القرارات التي تصدر في نطاق الرقابة المسبقة 8) الرقابة المسبقة على الصفقات العمومية : المناقصة العمومية ، استدراج العروض ، الاتفاق بالتراضي ، الصفقات غب الطلب و الصفقات بموجب بيان أو فاتورة . | ||
| 653 | _aالادارة المالية | ||
| 653 | _aالرقابة | ||
| 653 | _aالمحاسبة | ||
| 653 | _aالمحاسبة الادارية | ||
| 942 | _cكتاب | ||
| 999 |
_c43712 _d43712 |
||